Matematika pre 6. ročník ZŠ a 1. ročník gymnázií s osemročným štúdiom 2. časť

Bibliographic Details
Main Authors: Žabka, Ján (Author), Černek, Pavol, 1952- (Author)
Other Authors: Martiška, Juraj, 1969- (Illustrator)
Format: Book
Language:Slovak
PhysicalDescription:160 strán farebné fotografie a ilustrácie 30 cm
Published: Bratislava Orbis Pictus Istropolitana 2020
ISBN:9788081208355
Edition:[5. vydanie]
Subjects:

MARC

LEADER 00000cam a2200000 4500
001 vtls012021557
003 SK-MaSNL
005 20260301121728.0
008 220509s2020 xo ao crp 000 0 slo
015 |a SNBA2021/05 
020 |a 9788081208355  |q (brožované) 
035 |a urn:nbn:sk:snk-am00geap 
035 |a urn:nbn:sk:snk-am3j7or 
035 |a B0FDE47B-31E1-40DD-A898-C29D43F3699D 
040 |a SNK  |b slo  |c SNK  |e rda 
041 0 |a slo 
044 |a xo  |c SK 
072 7 |a 51  |x Matematika  |2 konspekt 
072 7 |a 37.016  |x Učebné osnovy. Vyučovacie predmety. Učebnice  |2 konspekt 
080 |a 51  |2 2011 
080 |a (075.2)  |2 2011 
080 |a (075.3)  |2 2011 
100 1 |a Žabka, Ján  |4 aut  |9 325466 
245 1 0 |a Matematika  |b pre 6. ročník ZŠ a 1. ročník gymnázií s osemročným štúdiom  |n 2. časť  |c Ján Žabka - Pavol Černek ; illustrations Juraj Martiška 
246 3 4 |a Matematika 6  |n 2. časť 
250 |a [5. vydanie] 
264 1 |a Bratislava  |b Orbis Pictus Istropolitana  |c 2020 
300 |a 160 strán  |b farebné fotografie a ilustrácie  |c 30 cm 
336 |a text  |b txt  |2 rdacontent 
337 |a bez média  |b n  |2 rdamedia 
338 |a zväzok  |b nc  |2 rdacarrier 
500 |a Poradie vydania podľa údajov NA ISBN 
504 |a Obsahuje bibliografiu 
521 2 |a Pre 6. ročník ZŠ a 1. ročník gymnázií s osemročným štúdiom 
650 0 7 |a matematika  |2 SNKPH  |9 70174 
650 0 7 |a Mathematics  |2 SNKPHeng  |9 265620 
655 7 |a učebnice základných škôl  |2 SNKPH  |9 70187 
655 7 |a učebnice stredných škôl  |2 SNKPH  |9 69323 
655 7 |a Textbooks (elementary)  |2 SNKPHeng  |9 276977 
655 7 |a Textbooks (secondary)  |2 SNKPHeng  |9 276359 
700 1 |a Černek, Pavol,  |d 1952-  |4 aut  |9 7554 
700 1 |a Martiška, Juraj,  |d 1969-  |4 ill  |9 120247 
919 |a 978-80-8120-835-5 
958 |a UC 
958 |a NB 
999 |c 730461  |d 732391 
952 |a SNK  |b SNK  |y PREZ  |7 0  |p 17A1451337  |o snkSB 96410/2  |i snk2021/2784  |8 0  |0 0  |1 0  |4 0  |d 2021-04-09  |f 1  |l 0  |r 2025-05-19 00:00:00  |w 2026-02-23 
952 |a SNK  |b SNK  |y VYP  |7 0  |p 17A1451338  |o snkSB 96410/2 D1  |i snk2021/2785  |8 0  |0 0  |1 0  |4 0  |d 2021-04-09  |l 0  |r 2026-02-23 22:27:19  |w 2026-02-23